Norwegian wood /
| Autor principal: | |
|---|---|
| Otros Autores: | |
| Formato: | Libro |
| Lenguaje: | English Japanese |
| Publicado: |
New York :
Vintage International,
c2000.
|
| Materias: | |
| Acceso en línea: | Contributor biographical information Sample text Publisher description |
| Classic Catalogue: | View this record in Classic Catalogue |
| LEADER | 01395nam a22003374a 4500 | ||
|---|---|---|---|
| 001 | 28805 | ||
| 003 | BD-DhAAL | ||
| 005 | 20150111154703.0 | ||
| 008 | 150111s2000 nyu 000 1 eng | ||
| 010 | |a 99053821 | ||
| 020 | |a 0375704027 | ||
| 040 | |a DLC |c DLC |d DLC |d BD-DhAAL | ||
| 041 | 1 | |a eng |h jpn | |
| 042 | |a pcc | ||
| 050 | 0 | 0 | |a PL856.U673 |b N6713 2000 |
| 082 | 0 | 0 | |a 895.6/35 |2 21 |
| 100 | 1 | |a Murakami, Haruki, |d 1949- |9 7339 | |
| 240 | 1 | 0 | |a Noruwei no mori. |l English |
| 245 | 1 | 0 | |a Norwegian wood / |c Haruki Murakami ; translated from the Japanese by Jay Rubin. |
| 260 | |a New York : |b Vintage International, |c c2000. | ||
| 300 | |a 296 p. ; |c 21 cm. | ||
| 541 | |e 28805 | ||
| 650 | 0 | |a College students |v Fiction |9 5930 | |
| 650 | 0 | |a College students |9 5930 | |
| 700 | 1 | |a Rubin, Jay, |d 1941- |9 7340 | |
| 856 | 4 | 2 | |3 Contributor biographical information |u http://www.loc.gov/catdir/bios/random059/99053821.html |
| 856 | 4 | 1 | |3 Sample text |u http://www.loc.gov/catdir/samples/random043/99053821.html |
| 856 | 4 | 2 | |3 Publisher description |u http://www.loc.gov/catdir/description/random047/99053821.html |
| 942 | |2 ddc |c BK | ||
| 999 | |c 33461 |d 33461 | ||
| 952 | |0 0 |1 0 |2 ddc |4 0 |6 895_635000000000000_MUR |7 0 |9 44722 |a BRACUL |b BRACUL |c GEN |d 2015-01-11 |e BRAC Institute of Language (BIL) |l 11 |m 55 |o 895.635 MUR |p 3010028805 |q 2026-05-20 |r 2026-03-07 |s 2026-03-07 |t 1 |w 2015-01-11 |y BK |x Transferred from BIL to BRACUL on 06/06/22 | ||